Chiffre de 1 a 40 en 15 sec - Statistiques

Statistiques générales
  • Ce quiz a été pris 1 875 fois
  • Le résultat moyen est 25 sur 40
Statistiques - réponses
Hint Réponse % Correct
1 1
100%
2 2
99%
3 3
98%
4 4
96%
5 5
96%
7 7
95%
6 6
94%
8 8
94%
9 9
93%
10 10
87%
11 11
86%
12 12
85%
14 14
83%
13 13
82%
15 15
82%
16 16
81%
17 17
80%
18 18
78%
19 19
77%
20 20
71%
21 21
71%
22 22
64%
23 23
62%
24 24
58%
25 25
55%
26 26
53%
27 27
50%
28 28
48%
29 29
45%
30 30
34%
31 31
31%
32 32
26%
33 33
20%
34 34
19%
35 35
15%
36 36
13%
37 37
11%
38 38
9%
39 39
8%
40 40
6%
Aucun quiz correspondant
Distribution des résultats
% des personnes avec chaque résultat
Percentile par nombre de réponses
Votre historique - résultats
Vous n’avez pas pris ce quiz